000
00261nam a2200121Ia 4500
100
_a
#N/A
650
_a
Elctronics
942
_c
BK
654
_a
Electromagnetics
245
_a
Fundamentals of electromagnetics with MATLAB
260
_b
#N/A
546
_a
ENGLISH
999
_c
19350
_d
19350